000 00476nam a22001697a 4500
003 CEME
005 20210628210423.0
008 210208b xxu||||| |||| 00| 0 eng d
040 _c.
082 _a297.7 ASH
100 _aMuhammad Ashraf Ali Thanvi Thanvi, Muhammad Ashraf Ali
_94443
245 _aKhutbat-e-hakeem ul umat tasleem-o-raza
260 _aLAHORE
_bIDARA TALEEFAT ASHRAFIA
_c1995
300 _a469P
650 _aISLAM-TASLEEM-O-RAZA
_979328
942 _cBK
_2ddc
999 _c584375
_d584375